Basura (Record no. 135189)

MARC details
000 -LEADER
fixed length control field 00666nam a22001817a 4500
005 - DATE AND TIME OF LATEST TRANSACTION
control field 20260116125015.0
008 - FIXED-LENGTH DATA ELEMENTS--GENERAL INFORMATION
fixed length control field 240625b mx |||||||| |||| 00| 0 spa d
020 ## - INTERNATIONAL STANDARD BOOK NUMBER
International Standard Book Number 9707031875
050 04 - LIBRARY OF CONGRESS CALL NUMBER
Classification number TD789.M67
Item number P33 2003
100 1# - MAIN ENTRY--PERSONAL NAME
Personal name Padilla Massieu, Carlos
245 10 - TITLE STATEMENT
Title Basura
Remainder of title : problemas y soluciones
Statement of responsibility, etc / Carlos Padilla Massieu.
250 ## - EDITION STATEMENT
Edition statement 7a ed.
260 ## - PUBLICATION, DISTRIBUTION, ETC. (IMPRINT)
Place of publication, distribution, etc Morelia, Michoacán (México) :
Name of publisher, distributor, etc Gobierno del Estado de Michoacán de Ocampo. Secretaría de Urbanismo y Medio Ambiente,
Date of publication, distribution, etc c2003
300 ## - PHYSICAL DESCRIPTION
Extent 54 p. ;
Dimensions 21 cm.
490 0# - SERIES STATEMENT
Series statement Documentos ;
Volume number/sequential designation 3
650 #7 - SUBJECT ADDED ENTRY--TOPICAL TERM
Source of heading or term lemb
Topical term or geographic name as entry element Basuras y aprovechamiento de basuras
General subdivision Aspectos ambientales
942 ## - ADDED ENTRY ELEMENTS (KOHA)
Source of classification or shelving scheme Biblioteca del Cogreso de los Estados Unidos
Koha item type Libro
Holdings
Estado de pérdida Fuente de clasificación Estado del daño No para préstamo Ubicación permanente Ubicación actual Apartado o colección Fecha de adquisición Fuente de adquisición Edición Área del conocimiento Total Checkouts Clasificación Código de Barras Date last seen Número de copia Costo por reposición Tipo de recurso Nota pública
  Biblioteca del Cogreso de los Estados Unidos     Biblioteca de la Facultad de Arquitectura Biblioteca de la Facultad de Arquitectura General 16/01/2026 Unidad Académica 7a ed. Ingeniería y Tecnología   TD789.M67 P33 2003 BFA000006497 16/01/2026 1 1.00 Libro Posgrado